LEADER 01559nam0 22004093i 450 001 LO10380373 005 20231121125518.0 010 $a8845911713 010 $a9788845911712$b2. ed. 2009 020 $aIT$b95-9840 100 $a19951205d1995 ||||0itac50 ba 101 | $aita$cita 102 $ait 181 1$6z01$ai $bxxxe 182 1$6z01$an 200 1 $aTautótes$fEmanuele Severino 210 $aMilano$cAdelphi$d[1995] 215 $a251 p.$d23 cm. 225 | $aBiblioteca filosofica$v13 410 0$1001CFI0116603$12001 $aBiblioteca filosofica$v13 500 10$aTautótes$3SBN0096463$9CFIV009351$9914012 606 $aIdentità $2FIR$3RMLC378799$9I 606 $aOntologia$2FIR$3RMLC008993$9I 606 $aDivenire$xConcezione filosofica$2FIR$3RMLC053553$9I 606 $aIdentita$xConcezione filosofica$2FIR$3RMLC053555$9I 676 $a121$9Gnoseologia (Teoria della conoscenza).$v21 700 1$aSeverino$b, Emanuele$3CFIV009351$4070$0152920 790 1$aSeverino$b, Emenuele$3CFIV321926$zSeverino, Emanuele 801 3$aIT$bIT-01$c19951205 850 $aIT-RM028 $aIT-FR0017 899 $aBiblioteca Universitaria Alessandrina$bRM028 899 $aBiblioteca umanistica Giorgio Aprea$bFR0017 912 $aLO10380373 950 0$aBiblioteca umanistica Giorgio Aprea$d 52MAG 8 Coll O/1-BF-13$e 52FSS0000071905 VMN RS $fA $h20161110$i20161110 977 $a 01$a 52 996 $aTautòtes$9914012 997 $aUNICAS